| 000 | 00773nam a2200241 a 4500 | ||
|---|---|---|---|
| 999 |
_c5320 _d5320 |
||
| 001 | 5320 | ||
| 003 | BD-JhCC | ||
| 005 | 20171213115052.0 | ||
| 008 | 171212r1985 bg a|||| |||| 00| 0 ben d | ||
| 035 | _a(BD-JhCC) 5320 | ||
| 040 |
_aBD-JhCC _dBD-JhCC |
||
| 041 | _aben | ||
| 082 |
_a513.5 _bALI 1985 |
||
| 100 | _aআলি, লিয়াকত | ||
| 245 |
_aজ্যামিতি ও দর্শন / _c লিয়াকত আলি |
||
| 260 |
_aঢাকা : _bবাংলা একাডেমী, _c১৯৮৫. |
||
| 300 |
_a৮৬ পৃ. : _bill. ; _c১৯ সেমি. |
||
| 490 | _aSeries in honour of the martyrs of the Language Movement of February 1952. | ||
| 650 | _aGeometry | ||
| 650 | _aPhilosophy | ||
| 942 |
_2ddc _cBK |
||